| 000 | 00825nmc a2200301 a 4500 | ||
|---|---|---|---|
| 003 | AR-BaBNM | ||
| 005 | 20251128204349.0 | ||
| 008 | 026019s1992 ||||||||||||||000 | spa|| | ||
| 020 | _a950-737-089-9 | ||
| 040 | _cAR-BaBNM | ||
| 100 | 1 | _aCabal, Graciela Beatriz | |
| 245 | 1 | 0 |
_aMujercitas ¿eran las de antes? _bel sexismo en los libros para chicos |
| 260 |
_aBuenos Aires _bCOQUENA GRUPO EDITOR _c1992 |
||
| 300 | 0 | _a79 p. | |
| 490 | 0 | _aLibros del Quirquincho | |
| 650 | 4 | _aLITERATURA INFANTIL | |
| 650 | 4 | _aMUJERES | |
| 650 | 4 | _aENSAYO | |
| 650 | 4 | _aSOCIOLOGIA | |
| 650 | 4 | _aHISTORIA Y ESTUDIOS CONEXOS | |
| 650 | 4 | _aCRITICA LITERARIA | |
| 650 | 4 | _aROLES SEXUALES | |
| 650 | 4 | _aDISCRIMINACION SEXUAL | |
| 655 | _aLITERATURA | ||
| 800 | 1 | _aDíaz Rönner, María Adelia | |
| 942 | _cBK | ||
| 998 | _cisola | ||
| 999 |
_c7163 _d7163 |
||